Orang Utan's playtime. (Record no. 114863)
[ view plain ]
| 000 -LEADER | |
|---|---|
| fixed length control field | 00432nam a2200169 a 4500 |
| 005 - DATE AND TIME OF LATEST TRANSACTION | |
| control field | 20140414132114.0 |
| 008 - FIXED-LENGTH DATA ELEMENTS--GENERAL INFORMATION | |
| fixed length control field | 110826s19uu xx 00 eng d |
| 020 ## - INTERNATIONAL STANDARD BOOK NUMBER | |
| International Standard Book Number | |
| 050 ## - LIBRARY OF CONGRESS CALL NUMBER | |
| Classification number | ER |
| Item number | OR1 1999 |
| 100 ## - MAIN ENTRY--PERSONAL NAME | |
| Personal name | |
| 245 ## - TITLE STATEMENT | |
| Title | Orang Utan's playtime. |
| 260 ## - PUBLICATION, DISTRIBUTION, ETC. (IMPRINT) | |
| Name of publisher, distributor, etc | Smithsonian Institution, |
| Date of publication, distribution, etc | 1999. |
| 440 ## - SERIES STATEMENT/ADDED ENTRY--TITLE | |
| Title | Let's go to the zoo |
| 650 ## - SUBJECT ADDED ENTRY--TOPICAL TERM | |
| Topical term or geographic name as entry element | Identity |
| General subdivision | Fiction. |
| 650 ## - SUBJECT ADDED ENTRY--TOPICAL TERM | |
| Topical term or geographic name as entry element | Mothers and daughters |
| General subdivision | Fiction. |
| Withdrawn status | Lost status | Damaged status | Home library | Current library | Shelving location | Date acquired | Total Checkouts | Full call number | Barcode | Date last seen | Price effective from | Koha item type |
|---|---|---|---|---|---|---|---|---|---|---|---|---|
| Munich Library | Munich Library | Easy Reading Section | 08/26/2011 | ER OR1 1999 | M6774 | 04/14/2014 | 04/14/2014 | Books |